Pichi Pichi Pitch - Générique (en français) - Statistiques

Statistiques générales
  • Ce quiz a été pris 52 fois
  • Le résultat moyen est 108 sur 135
Statistiques - réponses
Paroles % Correct
la
94%
a
90%
de
90%
des
90%
et
90%
plein
90%
pour
90%
du
87%
il
87%
joie,
87%
le
87%
magie,
87%
mers,
87%
moi.
87%
mon
87%
87%
soleil
87%
toi
87%
toi.
87%
un
87%
Un
87%
y
87%
Bien
84%
Les
84%
monde
84%
Ouvre
84%
paradis.
84%
porte
84%
tu
84%
d'aventures
81%
je
81%
Je
81%
sourires
81%
anges
77%
as
77%
au-delà
77%
Depuis
77%
Depuis,
77%
fois.
77%
ne
77%
nous
77%
première
77%
t'ai
77%
univers,
77%
coeur
74%
es
74%
étrange,
74%
jour
74%
plus
74%
que
74%
venu
74%
d'amour.
71%
douce
71%
est
71%
jamais
71%
lumière
71%
Oui,
71%
t'aime.
71%
vis
71%
leur
68%
vers
68%
vu
68%
lorsque
65%
n'oublierais
65%
transformé
65%
c'est
61%
d'histoires
61%
joies,
61%
joies.
61%
partager.
61%
dans
58%
merveilleux
58%
pourrons
58%
chaque
55%
enchantées,
55%
main,
55%
semblaient
55%
là-bas,
52%
qu'ensemble
52%
t'emmène
52%
t'éclairer
45%
Donne-moi
42%
Aucun quiz correspondant
Distribution des résultats
% des personnes avec chaque résultat
Percentile par nombre de réponses
Votre historique - résultats
Vous n’avez pas pris ce quiz